00679nam a2200169 a 450000100060000000300090000600800410001502000150005604000280007108200160009910000190011524500490013426000270018330000100021050502630022065000260048322950CO-ViMGA141112s2004 ck r 000 u spa d a8428327602 aCO-ViMGAbspacCO-ViMGA04a150.9 H374i1 aHergenhan, B.R10aIntroducciòn a la historia de psicologìa aEspaña : bParaninfo a705p. aPor que estudiar historia de la psicologia, Que es la ciencia , La psicologia es una ciencia?, Los antiguos filosofos griegos, Relatividad de la verdad, después de aristoteles, Neopolatismo, Escolastimo, Origenes de la ciencia moderna, La ciencia baconiana14aPSICOLOGIA - HISTORIA